01819nam a2200445Ia 4500008004100000040001800041041000800059110001300067245006600080250005600146260005000202300002300252500025900275500002200534505026300556506002200819650004300841650001200884650003500896650003400931653004400965653002001009653002001029653001901049653002001068653001801088653001801106653001901124653001901143653001901162653001901181653001801200653001901218653001901237653001901256653001801275653001901293700003801312710002301350130821s1914 ck gr spa  aCo-BoUCMbspa0 aspa1 aColombia10aCódigo civil colombiano y leyes que lo adicionan y reforman a2a ed.bdirigida /por eduardo Rodríguez Piñeros aBogotá (Colombia)bImprenta de la Luzc1914 a509, [1] páginas aDetalles físicos: Encuadernación rígida, cartón forrado en papel jaspeado. Lomo en cuero con letras y líneas decorativas en dorado, deteriorado por humedad. Guarda delantera con anotaciones manuscrita sobre gran parte de ella. Portada impresa a aIncluye índice. aTítulo preliminar Título III de la constitución, de los derechos civiles y garantías sociales (en 6 capítulos). ; Libro primero de las personas. ; Libro segundo de los bienes y de su dominio, posesión, uso y goce. ; Libro tercero de la sucesión aConsulta en sala. aDerecho civilxLegislaciónzColombia aDerecho aJurisprudencia civilzColombia aProcedimiento civilzColombia aDecreto legislativo número 39 de 1905 aLey 100 de 1888 aLey 105 de 1913 aLey 14 de 1887 aLey 153 de 1887 aLey 2 de 1886 aLey 3 de 1886 aLey 30 de 1888 aLey 33 de 1896 aLey 35 de 1888 aLey 39 de 1890 aLey 4 de 1913 aLey 40 de 1907 aLey 56 de 1904 aLey 57 de 1887 aLey 8 de 1888 aLey 95 de 1890 aRodriguez Piñeros, Eduardoeed.2 aImprenta de la luz